|
|
|
|
| LEADER |
00000nam a22000007a 4500 |
| 005 |
20130129153018.0 |
| 007 |
cr|||| |||| |
| 008 |
130129e2012 bl |||||s|||| 00||0 por d |
| 020 |
|
|
|a 8522509840
|
| 035 |
|
|
|a 6829
|
| 040 |
|
|
|a vLex
|
| 090 |
|
|
|c 3622
|d 3622
|
| 100 |
1 |
0 |
|a Oliveira, Fabiana Luci de
|
| 245 |
1 |
0 |
|a Justiȧ em foco
|b estudos empr̕icos
|h [Recurso electrn̤ico]
|
| 256 |
|
|
|a Servicio en ln̕ea
|
| 260 |
|
|
|a Rio de Janeiro :
|b FGV - Direito Rio,
|c 2012
|
| 300 |
|
|
|a 1 Recurso electrn̤ico
|
| 650 |
0 |
4 |
|a Organizacin̤ judicial
|z Brasil
|
| 650 |
0 |
4 |
|a Derecho
|z Brasil
|
| 740 |
|
|
|a vLex Libros (Servicio en ln̕ea)
|
| 856 |
|
|
|a Acceso restringido
|u http://www.vlex.com/source/6829
|
| 942 |
|
|
|c BOOK
|
| 999 |
|
0 |
|a Law
|